01130 2200241 4500001002100000005001500021035002000036007000300056008004100059020002200100082001000122084001600132100001900148245009100167250002600258260004500284300005300329650000800382700001700390700001700407520044800424990001600872INLIS00000000000024820220825091411 a0010-0822000070ta220825 0  a978-602-01-2608-1 a372.1 a372.1 MOM b0 aMomon Sulaeman1 aBRILIAN (Buku Ringkasan materi dan Latihan) IPA 4 :bSD/MI Kelas IV /cMomon Sulaeman aKurikulum 2013 Revisi aBandung :bGrafindo Media Pratama,c2021 a160 halaman :bilustrasi tidak berwarna ;c25 cm 4aIPA0 aAsmaul Husna0 aIshak Wijono aBRILIAN Ilmu Pengetahuan Alam Kelas 4 untuk SD/MI disusun berdasarkan Kompetensi Inti dan Kompetensi Dasar urikulum 2013 (Edisi Revisi). Buku ini terdiri atas 9 bab, yaitu berkaitan dengan materi Bagian dan Fungsi Tubuh Hewa; Bagian dan Fungsi Tubuh Tumbuhan; Siklus Hidup Hewan; Gaya; Gaya dan Gerak; Sumber Energi dan Perubahan Bentuk Energi; Bunyi dan Oendengaran; Cahaya dan Penglihatan; Serta Keseimbangan dan Pelestarian Sumberdaya Alam. a00000000323